000 02758nab a2200265 i 4500
003 BR-BrBNA
005 20260213104210.0
008 260213b2025 bl.ar|pooa||| 00| 0 eng |
040 _aBR-BrBNA
_beng
072 _aF70
100 _aCarvalho, Camilla Diniz de
100 _aAlmeida, Rita Milena Moura
100 _aMarinho, Lucas Cardoso
245 _aFlora of Espírito Santo: Lacistemataceae
500 _aPublicação on-line; 27 ref.; 3 illus.; Summaries (En, Pt)
520 _a Abstract Lacistemataceae can be found throughout the humid forests of Brazil. The most relevant characters for the identification of this family are the alternate leaves, presence of stipules, axillary inflorescences, flowers that are minute without sepals and only one stamen attached to a nectariferous disk. This study was carried out in the context of the ongoing “Flora do Espírito Santo” project, which aims to publish monographs of botanical families occurring in the Brazilian state of Espírito Santo. Herein, we provide updated morphological descriptions for the two species of Lacistemataceae occurring in the state: Lacistema robustum and L. serrulatum, the latter being a new record for the state. We also provide illustrations, a map of occurrence records and an identification key. Key words: • Atlantic Forest • Lacistema • Malpighiales Resumo Lacistemataceae pode ser encontrada ao longo das florestas úmidas do Brasil. Os caracteres mais relevantes para a identificação da família são as folhas alternas, presença de estípulas, inflorescências axilares, flores diminutas sem sépalas e apenas um estame aderido a um disco nectarífero. Este estudo foi realizado no contexto do projeto em andamento “Flora do Espírito Santo”, que visa publicar monografias de famílias botânicas que ocorrem no estado brasileiro do Espírito Santo. Aqui, fornecemos descrições morfológicas atualizadas para as duas espécies de Lacistemataceae que ocorrem no estado: Lacistema robustum e L. serrulatum, sendo esta última uma nova ocorrência para o estado. Também, fornecemos ilustrações, um mapa de registros de ocorrência e uma chave de identificação. Palavras-chave: • Floresta Atlântica • Lacistema • Malpighiales
650 _aFLORESTA ATLÂNTICA
650 _aLACISTEMATACEAE
650 _aTAXONOMIA
650 _aESPÍRITO SANTO
773 0 _0709
_9360062
_dRio de Janeiro-RJ Jardim Botanico do Rio de Janeiro 1935
_o2026-0452
_tRodriguésia (Brazil)
_x0370-6583; 2175-7860 on-line
_gv. 76 p. 1-7; (2025)
_wBR2025007540
856 _uhttps://www.scielo.br/j/rod/a/hRdRMqVYp6fkNf4N4nXdLdh/?format=pdf&lang=en
942 _cANA
999 _c340070
_d340070